Africa and the democratic challenge (Record no. 83761)

MARC details
000 -LEADER
fixed length control field 00792nam a2200193 a 4500
008 - FIXED-LENGTH DATA ELEMENTS--GENERAL INFORMATION
fixed length control field 120416s1999 ||||||||||||||||| || u
020 ## - INTERNATIONAL STANDARD BOOK NUMBER
International Standard Book Number 9282010929
050 ## - LIBRARY OF CONGRESS CALL NUMBER
Classification number JC 458 Haz
100 ## - MAIN ENTRY--PERSONAL NAME
Personal name Hazoume, Marc-Laurent
245 10 - TITLE STATEMENT
Title Africa and the democratic challenge
246 ## -
-- an essay on adult education for democracy and...
260 ## - PUBLICATION, DISTRIBUTION, ETC.
Place of publication, distribution, etc. Hamburg
Name of publisher, distributor, etc. UNESCO
Date of publication, distribution, etc. 1999
300 ## - PHYSICAL DESCRIPTION
Extent iv, 77p.
350 ## -
-- 0.00
650 ## - SUBJECT ADDED ENTRY--TOPICAL TERM
Topical term or geographic name entry element POLITICS
650 ## - SUBJECT ADDED ENTRY--TOPICAL TERM
Topical term or geographic name entry element DEMOCRATIC CHALLENGE--AFRICA
995 ## -
-- MAIN LIBRARY OPEN ACCESS
-- 0.00
-- 734304
-- CBU-MAIN LIBRARY (Kitwe)
-- 2
-- 12.90
-- JC 458 Haz
-- 2
-- AVAILABLE
-- 46531
-- Main Library Open Access Collection
995 ## -
-- ANNEX COLLECTION (Main Library)
-- 0.00
-- 734303
-- CBU-MAIN LIBRARY (Kitwe)
-- 1
-- 12.90
-- JC 458 Haz
-- 1
-- AVAILABLE
-- 46569
-- Annex Low-Usage Collection
999 ## -
-- 83761
-- 83761
Holdings
Withdrawn status Lost status Source of classification or shelving scheme Damaged status Not for loan Permanent Location Current Location Shelving location Date acquired Total Checkouts Full call number Barcode Date last seen Copy number Price effective from Koha item type
          CBU-MAIN LIBRARY, KITWE. CBU-MAIN LIBRARY, KITWE.   01/08/2024   JC 458 Haz 46531 01/08/2024 1 01/08/2024 MONOGRAPH
          CBU-MAIN LIBRARY, KITWE. CBU-MAIN LIBRARY, KITWE.   01/08/2024   JC 458 Haz 46569 01/08/2024 2 01/08/2024 MONOGRAPH